00279nam a2200109Ia 4500008004100000041000800041100002100049245002400070260003500094300000900129700003100138250110s9999 xx 000 0 und d aeng aDeshpande Shilpa aProposed Eco Resort bFinal Year B. Arch, BNCAc2012 a135p aGuide Name:Gokhale Vasudha